000 00561nam a2200205Ia 4500
005 20250923144404.0
008 008 250917s9999 xx 000 0 eng d
037 _aTextual
040 _aDSWL
_beng
_cDSWL
041 _aeng
_2eng
084 _aL:4:1xM20:9, J0
_qDSWL
100 _aSeymer, L.R.
_9824393
245 0 _aFlorence Nightingale
_cby L.R. Seymer
260 _aLondon
_bFaber and Faber
_c1950
300 _a154 p.
365 _b8 6
925 _g8 6
942 _cTEXL
_hL:4:1xM20:9, J0
999 _c1438233
_d1438233